|
|
|
|
| LEADER |
00000naa2a2200000 4500 |
| 001 |
244770 |
| 005 |
20260112094722.0 |
| 035 |
|
|
|a (RuTPU)RU\TPU\book\266163
|
| 035 |
|
|
|a RU\TPU\book\266154
|
| 090 |
|
|
|a 244770
|
| 100 |
|
|
|a 20131029d2013 k y0rusy50 ca
|
| 101 |
0 |
|
|a rus
|
| 102 |
|
|
|a RU
|
| 135 |
|
|
|a drnn ---uucaa
|
| 181 |
|
0 |
|a i
|
| 182 |
|
0 |
|a b
|
| 200 |
1 |
|
|a Интегрированная оценка качества планов комплексного развития коммунальной инфраструктуры муниципального образования (на примере сельских поселений Кожевниковского района)
|f И. С. Быкадарова
|
| 203 |
|
|
|a Текст
|c электронный
|
| 225 |
1 |
|
|a Структурные изменения и устойчивое развитие национальной экономики
|
| 300 |
|
|
|a Заглавие с титульного экрана
|
| 320 |
|
|
|a [Библиогр.: с. 33 (3 назв.)]
|
| 337 |
|
|
|a Adobe Reader
|
| 461 |
|
1 |
|0 (RuTPU)RU\TPU\book\262955
|t Энергия молодых - экономике России
|l Energy of Youth for Russian Economy
|o сборник научных трудов XIV Международной научно-практической конференции студентов и молодых ученых, г. Томск, 9-11 апреля 2013 г.
|o в 2 ч.
|f Национальный исследовательский Томский политехнический университет (ТПУ) ; Вольное экономическое общество России ; Международный союз экономистов (МСЭ) ; ред. коллегия В. В. Еремин ; Ю. С. Нехорошев ; Г. А. Барышева ; И. Е. Никулина ; Т. Б. Варлачева ; И. В. Кащук ; Е. Ю. Маталасова
|d 2013
|
| 463 |
|
1 |
|0 (RuTPU)RU\TPU\book\262957
|t Ч. 1
|v [С. 30-33]
|d 2013
|
| 610 |
1 |
|
|a труды учёных ТПУ
|
| 610 |
1 |
|
|a электронный ресурс
|
| 610 |
1 |
|
|a интегрированная оценка
|
| 610 |
1 |
|
|a комплексное развитие
|
| 610 |
1 |
|
|a коммунальная сфера
|
| 610 |
1 |
|
|a муниципальное образование
|
| 610 |
1 |
|
|a Кожевниковский район
|
| 700 |
|
1 |
|a Быкадарова
|b И. С.
|
| 801 |
|
2 |
|a RU
|b 63413507
|c 20131029
|g RCR
|
| 856 |
4 |
|
|u http://www.lib.tpu.ru/fulltext/c/2013/C23/V1/007.pdf
|
| 942 |
|
|
|c CF
|